000 00449nam a2200181Ia 4500
001 2325
005 20260306144758.0
008 260306t2017||||xx |||||||||||||| ||spa||
041 _aESP
082 _a616.86
_bG62
100 _aGómez, Raúl Ángel
_eAUT
245 0 _aPsicología de las drogodependencias y las adicciones
260 _c2017
300 _a257 páginas :
_c23 cm.
650 _aGEN
654 _aCPS
942 _cLIB
_dJUS
_fJUS
_2ddc
_n
999 _c2325
_d2325